Estancia en Barcelona del Jefe de Estado
Publicado:
San Jorge, núm. 78 (2n trimestre 1970), pàg 7 - 23 :
MARC
| LEADER | 00000nam a2200000Ia 4500 | ||
|---|---|---|---|
| 008 | 160829s9999 xx 000 0 cat d | ||
| 245 | |a Estancia en Barcelona del Jefe de Estado | ||
| 260 | |a San Jorge, núm. 78 (2n trimestre 1970), pàg 7 - 23 | ||
| 600 | 1 | 0 | |a Franco Bahamonde, Francisco, |d 1892-1975 |9 54184 |
| 600 | 1 | 0 | |a Polo de Franco, Carmen |9 54200 |
| 600 | 0 | |a Muller i d'Abadal, Josep M., |9 28922 |d 1919-1981 | |
| 650 | |a Solidaridad Nacional |9 41287 | ||
| 650 | |a Prínceps |x Espanya |x Viatges |x Barcelona |9 40383 | ||
| 650 | |a Gómez-Toldrà, Josefina |9 41289 | ||
| 650 | 0 | |a Visites oficials |z Barcelona (Catalunya) |9 31008 | |
| 901 | |a Arxiu | ||
| 942 | |n 1 |2 udc | ||
| 952 | |0 0 |1 0 |4 0 |7 1 |9 50130 |a Arxiu |b Arxiu |d 2016-12-01 |l 0 |r 2016-12-01 00:00:00 |w 2016-12-01 |y ARXIU | ||
| 999 | |c 53972 |d 53972 | ||